Datum a čas kvízu
27
Celkem bodů
Celkový počet nahraných bodů na tomto kvízu bez doplňovacích otázek.
9.
Pořadí na kvízu
Konečné umístění týmu na tomto kvízu.
Zaznamenané odpovědi
| # | Otázka | Odpověď | Body | Výsledky |
|---|---|---|---|---|
| 1. | Na kterém českém hradě skončil... | na Karlštejně | 1 | |
| 2. | Minulý týden vyšla zpráva o to... | D) papoušky | 1 | |
| 3. | Historickým městem roku 2022 s... | Vysoké Mýto | 0 | |
| 4. | Japonská společnost Sega oznám... | Angry Birds | 1 | |
| 5. | Minulý týden začal soudní proc... | Roman Berbr, Plzeň | 0 | |
| 6. | O slovanských bozích a mýtech... | Vesna | 1 | |
| 7. | Níže zobrazený český lékař a b... | Jan Evangelista Purkyně, Živa | 0 | |
| 8. | Na kresbě níže je zachycena mý... | Kostěj | 0 | |
| 9. | Seřaďte tyto slovanské svátky... | 1B 2C 3A 4D | 0 | |
| 10. | Za půl bodu uveďte název tohot... | Lešij (Leshen, Lěsovik, Lasovik), Zaklínač | 0 |